000 00536nam a2200193Ia 4500
003 GCL
008 140319s9999 xx 000 0 ara d
040 _aGCL /
_cGCL
082 0 4 _a641.8
_bس ف
100 1 _aسوفنير بوك هاوس
245 1 0 _aفن الطهى فى المطبخ الايطالى /
_cسوفنير بوك هاوس
300 _a300 ص
490 _a100 قصة
_v0
650 0 4 _aالاقتصاد المنزلى
650 0 4 _aايطاليا
650 0 4 _aالطبخ
650 0 4 _aالطهى
942 _2ddc
_cBK
999 _c44034
_d44034